[Event "7th LCT 2013"]
[Site "Leiden NED"]
[Date "2013.07.16"]
[Round "5.10"]
[White "Molinaroli, Martin"]
[Black "Overeem, Marc"]
[Result "1-0"]
[BlackTitle "FM"]
[WhiteElo "2298"]
[BlackElo "2139"]
[WhiteFideId "4606604"]
[BlackFideId "1004972"]
[EventDate "2013.07.12"]

1. b3 d5 2. Bb2 Bg4 3. f3 Bh5 4. Nh3 Qd6 5. d4 Nd7 6. Nc3 c6 7. Qd2 O-O-O 8. Nf4
Bg6 9. O-O-O e6 10. e4 f6 11. g3 Bf7 12. Bh3 g5 13. Nd3 Bh6 14. f4 gxf4 15. gxf4
Ne7 16. Rde1 Rde8 17. Kb1 Kb8 18. Qf2 Nc8 19. Qh4 Bf8 20. Rhg1 Qc7 21. exd5 cxd5
22. f5 e5 23. dxe5 fxe5 24. f6 e4 25. Nb5 Qc6 26. Qf4+ Bd6 27. Nxd6 Nxd6 28.
Bxd7 Qxd7 29. Ne5 Qc7 30. Rg7 Rc8 31. Rc1 Ka8 32. Ba3 Nb5 33. Bb2 Nd6 34. a3 e3
35. Nxf7 Nxf7 36. Qxe3 Qxh2 37. Qe7 1-0

[Event "7th LCT 2013"]
[Site "Leiden NED"]
[Date "2013.07.16"]
[Round "5.11"]
[White "Den Hartog, Marijn"]
[Black "Heemskerk, Wim"]
[Result "0-1"]
[BlackTitle "FM"]
[WhiteElo "1916"]
[BlackElo "2239"]
[WhiteFideId "1046098"]
[BlackFideId "1001000"]
[EventDate "2013.07.12"]

1. e4 e6 2. Nf3 d5 3. e5 Bd7 4. a3 a5 5. d4 c5 6. c3 Nc6 7. Bd3 Qb6 8. Bc2 Nh6
9. O-O cxd4 10. cxd4 Nf5 11. Bxf5 exf5 12. Nc3 Be6 13. Qd3 Be7 14. Qb5 Qxb5 15.
Nxb5 Kd7 16. Bg5 Bf8 17. Nd2 h6 18. Be3 Be7 19. Rac1 Rhc8 20. Nb1 Nd8 21. Rxc8
Rxc8 22. Rc1 Rxc1+ 23. Bxc1 Kc6 24. a4 f6 25. f4 fxe5 26. fxe5 Nf7 27. Kf2 Ng5
28. N5c3 b6 29. Bxg5 Bxg5 30. Nb5 Bc1 31. b3 g5 32. N1a3 f4 33. h3 Bf5 34. Na7+
Kd7 35. N7b5 h5 36. Ke1 Be4 37. Kf2 Be3+ 38. Kf1 Bd3+ 39. Ke1 g4 0-1

[Event "7th LCT 2013"]
[Site "Leiden NED"]
[Date "2013.07.16"]
[Round "5.12"]
[White "Van Helvoort, Rob"]
[Black "Lecomte, Robin"]
[Result "1/2-1/2"]
[WhiteElo "2180"]
[BlackElo "1930"]
[WhiteFideId "1005596"]
[BlackFideId "1037170"]
[EventDate "2013.07.12"]

1. e4 c5 2. c3 g6 3. Nf3 Bg7 4. d4 cxd4 5. cxd4 d5 6. e5 Nc6 7. Nc3 Bf5 8. Qb3
Qd7 9. Be3 Rd8 10. Na4 Na5 11. Qb4 Nc6 12. Qc5 e6 13. Qb5 Bf8 14. a3 a6 15. Qb6
Nb8 16. Nc5 Bxc5 17. dxc5 Ne7 18. Bg5 Qc6 19. Bf6 Qxb6 20. cxb6 Rg8 21. h3 h6
22. Nd4 g5 23. a4 Nd7 24. a5 Rc8 25. b4 Nxf6 26. exf6 e5 27. Nxf5 Nxf5 28. b5
Nd4 29. Rd1 axb5 30. Rxd4 exd4 31. Bxb5+ Kd8 32. Kd2 Rc5 33. Rb1 Kc8 34. Kd3 Kb8
35. Kxd4 Rc2 36. f3 Rgc8 37. Re1 Rd2+ 38. Ke3 Rb2 39. Bd7 Rd8 40. Kd4 Rd2+ 41.
Kc5 d4 42. Re8 Rxe8 43. Bxe8 d3 44. Bxf7 Kc8 45. Bb3 Kd7 46. a6 Rc2+ 47. Kd4 Rc8
48. axb7 Rb8 49. Kxd3 Rxb7 50. f7 Ke7 51. Ke4 1/2-1/2

[Event "7th LCT 2013"]
[Site "Leiden NED"]
[Date "2013.07.16"]
[Round "5.13"]
[White "Fernandez Rivero, Karla July"]
[Black "Van Der Velden, Bram"]
[Result "1/2-1/2"]
[WhiteTitle "WFM"]
[WhiteElo "2097"]
[BlackElo "2177"]
[WhiteFideId "3517489"]
[BlackFideId "1015753"]
[EventDate "2013.07.12"]

1. c4 Nf6 2. d4 d6 3. Nc3 Nbd7 4. e4 e5 5. d5 Nc5 6. Qc2 a5 7. Nf3 Bg4 8. Be2 g6
9. Bg5 Bg7 10. h3 Bxf3 11. Bxf3 O-O 12. O-O h6 13. Be3 Nh7 14. Be2 Qh4 15. Rad1
b6 16. Bg4 h5 17. g3 Qe7 18. Bf3 h4 19. Qd2 f5 20. Bg2 Nd7 21. Rde1 Qf6 22. Ne2
Nc5 23. exf5 gxf5 24. f4 hxg3 25. fxe5 dxe5 26. Nxg3 Qg6 27. Bxc5 bxc5 28. Qf2
f4 29. Ne4 f3 30. Nxc5 Qxg2+ 31. Qxg2 fxg2 32. Kxg2 Rxf1 33. Rxf1 Nf8 34. b3 Rb8
35. Rf5 Rb6 36. Kf3 Rh6 37. Kg4 c6 38. Rh5 Rxh5 39. Kxh5 cxd5 40. cxd5 Kf7 41.
Kg5 Ng6 42. h4 Bf6+ 43. Kf5 Nxh4+ 44. Ke4 Ng6 45. Nb7 Ne7 46. Nxa5 Nc8 47. Nc4
Ke7 48. Nxe5 Nd6+ 49. Kf4 Nb5 50. a4 Nc3 51. Kf5 Nxd5 1/2-1/2

[Event "7th LCT 2013"]
[Site "Leiden NED"]
[Date "2013.07.16"]
[Round "5.17"]
[White "Ratsma, Midas"]
[Black "Vistisen, Lars"]
[Result "1-0"]
[WhiteElo "2036"]
[BlackElo "2177"]
[WhiteFideId "1032283"]
[BlackFideId "1404598"]
[EventDate "2013.07.12"]

1. d4 Nf6 2. Nf3 c5 3. c3 e6 4. e3 Nc6 5. Bd3 d5 6. O-O Qc7 7. Nbd2 Bd6 8. Qe2
e5 9. dxc5 Bxc5 10. e4 d4 11. cxd4 Nxd4 12. Nxd4 Bxd4 13. Nb3 Bb6 14. Bg5 Nd7
15. Rac1 Qd6 16. Rfd1 Qg6 17. Bh4 O-O 18. Bg3 h5 19. a4 a5 20. Kh1 Qg5 21. Nd2
Nc5 22. Nf3 Qe7 23. Nxe5 Nb3 24. Rc3 Be6 25. Bc4 h4 26. Rxb3 hxg3 27. Rxb6 Bxc4
28. Nxc4 gxh2 29. Kxh2 Rac8 30. b3 Rc5 31. Rb5 Rc6 32. Kg1 Rg6 33. Qe3 b6 1-0

[Event "7th LCT 2013"]
[Site "Leiden NED"]
[Date "2013.07.16"]
[Round "5.23"]
[White "Thakoerdien, Jerrel"]
[Black "Van Der Zon, Stef"]
[Result "1-0"]
[WhiteElo "2083"]
[BlackElo "1870"]
[WhiteFideId "1037439"]
[BlackFideId "1021451"]
[EventDate "2013.07.12"]

1. d4 Nf6 2. Nf3 g6 3. c4 Bg7 4. Nc3 O-O 5. g3 d6 6. Bg2 Nc6 7. d5 Na5 8. Nd2 c5
9. O-O a6 10. Qc2 Rb8 11. b3 b5 12. Bb2 Bd7 13. Rab1 Qc8 14. Rfe1 Bh3 15. e4 Nh5
16. Nd1 Bxb2 17. Rxb2 Bxg2 18. Kxg2 bxc4 19. bxc4 Rxb2 20. Nxb2 Qg4 21. Nd3 f5
22. exf5 gxf5 23. Rxe7 Qg5 24. Ra7 f4 25. Nxc5 Rf5 26. Ra8+ Kf7 27. Rf8+ 1-0

[Event "7th LCT 2013"]
[Site "Leiden NED"]
[Date "2013.07.18"]
[Round "6.2"]
[White "Iljin, Artem"]
[Black "Epishin, Vladimir"]
[Result "1/2-1/2"]
[WhiteTitle "GM"]
[BlackTitle "GM"]
[WhiteElo "2540"]
[BlackElo "2598"]
[WhiteFideId "4156021"]
[BlackFideId "4162714"]
[EventDate "2013.07.12"]

1. d4 g6 2. c4 Bg7 3. e4 c5 4. Nf3 d6 5. Nc3 Nc6 6. d5 Nd4 7. Nxd4 Bxd4 8. Bd3
Bg7 9. O-O Nf6 10. f4 O-O 11. Kh1 a6 12. a4 Bd7 13. e5 Ne8 14. Qe2 e6 15. Bd2
exd5 16. cxd5 Nc7 17. Ne4 dxe5 18. fxe5 Bf5 19. d6 Ne6 20. Bc3 Nd4 21. Bxd4 cxd4
22. g4 Bxe4+ 23. Qxe4 Qg5 24. e6 1/2-1/2

[Event "7th LCT 2013"]
[Site "Leiden NED"]
[Date "2013.07.18"]
[Round "6.3"]
[White "Van Den Doel, Erik"]
[Black "Prohaszka, Peter2"]
[Result "0-1"]
[WhiteTitle "GM"]
[BlackTitle "GM"]
[WhiteElo "2582"]
[BlackElo "2554"]
[WhiteFideId "1003720"]
[BlackFideId "726265"]
[EventDate "2013.07.12"]

1. e4 e5 2. Nf3 Nc6 3. Bb5 Nf6 4. O-O Nxe4 5. d4 Nd6 6. Bxc6 dxc6 7. dxe5 Nf5 8.
Qxd8+ Kxd8 9. Nc3 Ke8 10. h3 h5 11. Rd1 Be7 12. Ne2 b6 13. Bf4 Rg8 14. Bg5 Bb7
15. Nf4 f6 16. Bh4 g5 17. exf6 Nxh4 18. Nxh4 Bd6 19. Nf5 gxf4 20. Nxd6+ cxd6 21.
Rxd6 Ba6 22. Re1+ Kf8 23. Re7 Bc4 24. f3 Bd5 25. Kf2 Rg6 26. Rh7 Re8 27. Rxa7
Re6 28. Rd8+ Re8 29. Rd6 Rg5 30. b3 Rge5 31. c4 Re1 32. Re7 R1xe7 33. fxe7+ Kxe7
34. Rh6 Be6 35. Rxh5 Kf6 36. h4 Rd8 37. Ke2 Rg8 38. Kf2 c5 39. a4 Bf5 40. Rh6+
Rg6 41. Rh8 Ke5 42. h5 Rf6 43. Rd8 Rd6 44. Re8+ Kf6 45. h6 Kg5 46. a5 bxa5 47.
Re5 Rxh6 48. Rxc5 Rb6 49. g4 fxg3+ 50. Kxg3 Rxb3 51. Rxa5 Rc3 52. Rc5 Rc2 53.
Rc6 Bd3 54. Rc5+ Kf6 55. Kf4 Bxc4 56. Rc6+ Ke7 57. Rc7+ Kd6 58. Rc8 Kd5 59. Rd8+
Kc5 60. Rc8+ Kd4 61. Kg3 Rb2 62. Rd8+ Bd5 63. Rf8 Ke5 64. Re8+ Kf5 65. Rf8+ Kg5
66. Rd8 Rd2 67. Rf8 Rd3 68. Rf4 Kg6 69. Rg4+ Kf6 70. Rf4+ Ke7 71. Rf5 Ke6 72.
Rf8 Ke5 73. Re8+ Kf6 74. Rf8+ Bf7 75. Rb8 Kg5 76. Rb4 Bh5 77. Rf4 Rd8 78. Ra4
Bg6 79. Rg4+ Kf6 80. Rf4+ Bf5 81. Ra4 Rb8 82. Kf4 Rb1 83. Ra6+ Be6 84. Ra4 Rb3
85. Rd4 Bc8 86. Kg3 Bb7 87. Rf4+ Ke5 88. Rf8 Kd4 89. Rd8+ Bd5 90. Rf8 Ke3 91.
Re8+ Kd2 92. Rf8 Ke2 93. Re8+ Kf1 94. Rf8 Bb7 95. Rf7 Kg1 96. Rf6 Rb2 97. Rf7
Rg2+ 98. Kh4 Ba6 99. Rf4 Kf2 100. Rg4 Rh2+ 101. Kg5 Kxf3 102. Rf4+ Ke3 103. Rh4
Rf2 104. Ra4 Bd3 105. Ra5 Be4 106. Ra3+ Kd4 107. Ra4+ Ke5 108. Ra5+ Bd5 109. Ra4
Rf8 110. Rg4 Be6 111. Rg3 Ke4 112. Ra3 Bd5 113. Rg3 Ke5 114. Rg4 Be6 115. Rg3
Bf5 116. Re3+ Be4 117. Rg3 Bf3 118. Kh4 Kf4 119. Rg4+ Ke3 120. Rg7 Rf5 121. Kg3
Re5 122. Rg6 Be4 123. Rg7 Rh5 124. Kg4 Bf3+ 125. Kg3 Rh1 126. Re7+ Be4 127. Kg4
Rg1+ 128. Kh5 Kf4 129. Kh6 Rg6+ 130. Kh5 Rf6 0-1

[Event "7th LCT 2013"]
[Site "Leiden NED"]
[Date "2013.07.18"]
[Round "6.4"]
[White "Zaragatski, Ilja"]
[Black "Sethuraman, S.P."]
[Result "1/2-1/2"]
[WhiteTitle "IM"]
[BlackTitle "GM"]
[WhiteElo "2494"]
[BlackElo "2562"]
[WhiteFideId "4655192"]
[BlackFideId "5021596"]
[EventDate "2013.07.12"]

1. Nf3 Nf6 2. g3 g6 3. b3 Bg7 4. Bb2 O-O 5. Bg2 d6 6. d4 c5 7. c4 Nc6 8. O-O Ne4
9. Nbd2 Bf5 10. Nh4 Nxd2 11. Qxd2 Nxd4 12. Bxd4 Bxd4 13. Nxf5 gxf5 14. Rab1 e6
15. Bxb7 Rb8 16. Bg2 Bg7 1/2-1/2

[Event "7th LCT 2013"]
[Site "Leiden NED"]
[Date "2013.07.18"]
[Round "6.5"]
[White "Howell, David W L"]
[Black "Pijpers, Arthur"]
[Result "1-0"]
[WhiteTitle "GM"]
[WhiteElo "2639"]
[BlackElo "2338"]
[WhiteFideId "410608"]
[BlackFideId "1019554"]
[EventDate "2013.07.12"]

1. c4 e5 2. Nc3 Bb4 3. Nd5 Bc5 4. Nf3 e4 5. d4 Bf8 6. Ng1 c6 7. Nc3 d5 8. Bf4
Nf6 9. e3 Be7 10. Qb3 O-O 11. Nh3 dxc4 12. Bxc4 b5 13. Be2 b4 14. Na4 Be6 15.
Bc4 Nd5 16. Bg3 Qa5 17. O-O Nd7 18. Rfc1 Rfc8 19. Qd1 Bxh3 20. gxh3 N7b6 21. Bb3
Nxa4 22. Bxa4 c5 23. dxc5 Rxc5 24. Rxc5 Qxc5 25. Rc1 Qa5 26. Bb3 Rd8 27. Qh5 g6
28. Qe5 Bf6 29. Qxe4 Bxb2 30. Rc6 Qb5 31. Rd6 Rxd6 32. Bxd6 Nf6 33. Bxf7+ Kg7
34. Qe7 Kh6 35. Bf4+ Kh5 36. Qf8 Kh4 37. Qh6+ 1-0

[Event "7th LCT 2013"]
[Site "Leiden NED"]
[Date "2013.07.18"]
[Round "6.6"]
[White "Hasangatin, Ramil"]
[Black "Molinaroli, Martin"]
[Result "1-0"]
[WhiteTitle "GM"]
[WhiteElo "2489"]
[BlackElo "2298"]
[WhiteFideId "4122160"]
[BlackFideId "4606604"]
[EventDate "2013.07.12"]

1. e4 c6 2. d3 d5 3. Qe2 dxe4 4. dxe4 e5 5. Nf3 Nf6 6. Nbd2 Nbd7 7. g3 Be7 8. b3
O-O 9. Bb2 Qc7 10. Bg2 Re8 11. O-O Bf8 12. Ne1 Nc5 13. Nd3 Nfd7 14. Kh1 b6 15.
f4 exf4 16. Qf3 Nxd3 17. cxd3 Ne5 18. Bxe5 Qxe5 19. gxf4 Qd4 20. e5 Bf5 21. Ne4
Rad8 22. Rad1 Qd7 23. d4 Kh8 24. h3 Rc8 25. Kh2 f6 26. Rfe1 Qf7 27. Ng3 Be6 28.
f5 Bd5 29. Qf2 Qc7 30. Bxd5 cxd5 31. Qf4 Bb4 32. Re2 a5 33. Kg2 Re7 34. Qe3 fxe5
35. dxe5 Bc5 36. Qf4 d4 37. Re4 Qc6 38. Kh2 Rf8 39. Rf1 Qd5 40. Rd1 Ree8 41. h4
Qc6 42. Kh3 Qc8 43. h5 Rd8 44. Rd3 Qa6 45. Qf3 a4 46. b4 Bxb4 47. Rexd4 Rxd4 48.
Rxd4 Bc5 49. Rd7 Qc8 50. e6 Rd8 51. Qb7 Qxb7 52. Rxd8+ 1-0

[Event "7th LCT 2013"]
[Site "Leiden NED"]
[Date "2013.07.18"]
[Round "6.7"]
[White "Heemskerk, Wim"]
[Black "Zhou, Yang-Fan"]
[Result "0-1"]
[WhiteTitle "FM"]
[BlackTitle "IM"]
[WhiteElo "2239"]
[BlackElo "2469"]
[WhiteFideId "1001000"]
[BlackFideId "468584"]
[EventDate "2013.07.12"]

1. c4 Nf6 2. Nc3 g6 3. g3 Bg7 4. Bg2 O-O 5. e4 d6 6. Nge2 c5 7. O-O Nc6 8. a3
Ne8 9. Rb1 a5 10. d3 Nc7 11. Nd5 Rb8 12. Be3 b5 13. b3 Bd7 14. Qd2 Ne5 15. f3 a4
16. bxa4 Nxd5 17. cxd5 bxa4 18. d4 Nc4 19. Qd3 Nxe3 20. Qxe3 cxd4 21. Nxd4 Qc7
22. Nc6 Bxc6 23. dxc6 Qxc6 24. Qa7 Qc5+ 25. Qxc5 dxc5 26. Rfc1 Bb2 0-1

[Event "7th LCT 2013"]
[Site "Leiden NED"]
[Date "2013.07.18"]
[Round "6.8"]
[White "Bernal Moro, Luis Javier"]
[Black "Chevannes, Sabrina L"]
[Result "1-0"]
[WhiteTitle "IM"]
[BlackTitle "WFM"]
[WhiteElo "2423"]
[BlackElo "2136"]
[WhiteFideId "2200236"]
[BlackFideId "411280"]
[EventDate "2013.07.12"]

1. c4 e6 2. Nf3 Nf6 3. g3 d5 4. Bg2 c5 5. O-O Nc6 6. cxd5 exd5 7. d4 h6 8. Nc3
Bg4 9. Ne5 Be6 10. Nxc6 bxc6 11. e4 Be7 12. exd5 cxd5 13. dxc5 Bxc5 14. Qa4+ Qd7
15. Qxd7+ Kxd7 16. Na4 Be7 17. Be3 Rhc8 18. Rac1 Ke8 19. Rfd1 Ne4 20. Bd4 g5 21.
Nc3 Nxc3 22. Bxc3 Rc5 23. Bd4 Rxc1 24. Rxc1 Kd7 25. Bf1 Rb8 26. a4 a5 27. Bb5+
Kd8 28. Bc3 Bb4 29. Bxb4 axb4 30. Kf1 Ke7 31. Ke2 Kd6 32. Ke3 Ke5 33. f4+ Kf6
34. Rc6 Rd8 35. Bd3 d4+ 36. Kf2 gxf4 37. gxf4 Ke7 38. Rb6 b3 39. f5 Bd5 40. f6+
Kd7 41. Rb4 Ke6 42. Rxd4 Rg8 43. Be4 Bxe4 44. Rxe4+ Kxf6 45. Rb4 Ra8 46. Ke3 Kg5
47. Kd3 f5 48. h4+ Kf6 49. Kd4 Rd8+ 50. Kc4 Ke5 51. Rxb3 Ke4 52. Rb7 Rc8+ 53.
Kb5 Rf8 54. a5 f4 55. b4 f3 56. Re7+ Kd3 57. Re1 f2 58. Rf1 Ke2 59. Rxf2+ Kxf2
60. a6 Kg3 61. a7 Kxh4 62. Ka6 Kg4 63. b5 h5 64. b6 h4 65. b7 Rf6+ 66. Kb5 Rf5+
67. Kc4 Rf4+ 68. Kd3 1-0

[Event "7th LCT 2013"]
[Site "Leiden NED"]
[Date "2013.07.19"]
[Round "6.10"]
[White "Slingerland, Fred"]
[Black "Van 't Hof, Eric"]
[Result "1-0"]
[WhiteTitle "IM"]
[BlackTitle "CM"]
[WhiteElo "2350"]
[BlackElo "2144"]
[WhiteFideId "1002473"]
[BlackFideId "1015214"]
[EventDate "2013.07.12"]

1. e4 e5 2. Nf3 Nc6 3. Bb5 a6 4. Bxc6 dxc6 5. O-O Bg4 6. h3 h5 7. d3 Qf6 8. Nbd2
Ne7 9. Re1 Ng6 10. d4 Nf4 11. dxe5 Qg6 12. Nh4 Bxd1 13. Nxg6 Nxg6 14. Rxd1 O-O-O
15. e6 fxe6 16. Re1 Nh4 17. Nf3 Nxf3+ 18. gxf3 Bb4 19. c3 Be7 20. Kf1 b5 21. Ke2
Rhf8 22. Rg1 Rf7 23. f4 c5 24. Rg6 Rd6 25. Be3 c4 26. Rag1 Bf8 27. e5 Rc6 28.
R1g5 b4 29. Rxh5 b3 30. a4 Kd7 31. Rhg5 a5 32. h4 Rf5 33. Kf3 Rxg5 34. Rxg5 Ra6
35. Ke4 Rc6 36. h5 Ke8 37. Rg6 Kf7 38. f5 Be7 39. f4 exf5+ 40. Kxf5 Rxg6 41.
hxg6+ Ke8 42. Ke6 1-0

[Event "7th LCT 2013"]
[Site "Leiden NED"]
[Date "2013.07.19"]
[Round "6.13"]
[White "Lecomte, Robin"]
[Black "Padurariu, Ioana-Smaranda"]
[Result "1-0"]
[BlackTitle "WIM"]
[WhiteElo "1930"]
[BlackElo "2208"]
[WhiteFideId "1037170"]
[BlackFideId "1210947"]
[EventDate "2013.07.12"]

1. e4 c5 2. Nc3 e6 3. f4 Nc6 4. Nf3 Nge7 5. d3 d5 6. Be2 g6 7. O-O Bg7 8. e5 a6
9. Na4 b6 10. c4 Rb8 11. Nc3 Nd4 12. Nxd4 cxd4 13. Nb1 O-O 14. Nd2 Nf5 15. Nf3
h5 16. b3 Bb7 17. Qe1 dxc4 18. bxc4 b5 19. cxb5 axb5 20. Ng5 Qe7 21. Bd2 Rfc8
22. Bf3 Bxf3 23. Rxf3 Rc2 24. Bb4 Qa7 25. a3 Rbc8 26. Ne4 Ne3 27. Bd2 Nd5 28.
Nd6 Rb8 29. Rg3 Qd7 30. Qd1 Rc6 31. Qb3 Nc3 32. Re1 Qa7 33. f5 h4 34. Rxg6 Rxd6
35. Rxg7+ Kxg7 36. exd6 Re8 37. fxe6 fxe6 38. Bg5 e5 39. Be7 Rxe7 40. dxe7 Qxe7
41. Qb4 Qf6 42. Qc5 e4 43. dxe4 h3 44. Qc7+ Kh6 45. Qg3 hxg2 46. Qh3+ Kg7 47.
Qxg2+ 1-0

[Event "7th LCT 2013"]
[Site "Leiden NED"]
[Date "2013.07.19"]
[Round "6.17"]
[White "Serdijn, Adinda"]
[Black "Wantola, Ivo"]
[Result "0-1"]
[BlackTitle "FM"]
[WhiteElo "2048"]
[BlackElo "2374"]
[WhiteFideId "1002740"]
[BlackFideId "1016067"]
[EventDate "2013.07.12"]

1. e4 g6 2. d4 d6 3. f4 a6 4. Nf3 Bg7 5. c3 Nd7 6. Bd3 c5 7. Be3 Ngf6 8. h3 cxd4
9. cxd4 b5 10. O-O Bb7 11. Nbd2 O-O 12. Qe1 Nb6 13. g4 Nc4 14. g5 Nh5 15. Nxc4
bxc4 16. Bc2 Rb8 17. Nd2 Qc8 18. Rf2 Qxh3 19. Nxc4 d5 20. Rh2 Qg3+ 21. Qxg3 Nxg3
22. Nb6 Rfd8 23. e5 Bc6 24. Na4 Bxa4 25. Bxa4 Nf5 26. Re1 Rb4 27. Bb3 Nxe3 28.
Rxe3 Rxd4 29. Rf3 Rc8 30. Kf2 e6 31. Ke3 Re4+ 32. Kd3 Bf8 33. Rc2 Rxc2 34. Bxc2
h6 35. Kd2 Rb4 36. gxh6 Bxh6 37. Kc3 Rc4+ 38. Kd3 Bxf4 39. b3 Re4 40. Kc3 Bxe5+
41. Kd3 Rd4+ 42. Ke3 f5 43. Bd3 a5 44. Bb5 g5 45. Rh3 Re4+ 46. Kf2 g4 47. Rh6
Kg7 48. Rh1 f4 49. Bd7 Bd4+ 50. Kf1 f3 0-1

[Event "7th LCT 2013"]
[Site "Leiden NED"]
[Date "2013.07.19"]
[Round "6.21"]
[White "Klop, Tjomme"]
[Black "Den Hartog, Marijn"]
[Result "0-1"]
[WhiteElo "2069"]
[BlackElo "1916"]
[WhiteFideId "1027115"]
[BlackFideId "1046098"]
[EventDate "2013.07.12"]

1. d4 Nf6 2. c4 g6 3. Nc3 Bg7 4. e4 d6 5. h3 O-O 6. Bg5 c5 7. d5 h6 8. Be3 Na6
9. Bd3 Bd7 10. Nf3 Nc7 11. Qd2 Kh7 12. O-O a6 13. e5 Ng8 14. Bf4 dxe5 15. Nxe5
Ne8 16. Ne4 b6 17. Rab1 a5 18. Rfe1 Nd6 19. Nxd6 exd6 20. Nf3 Bc8 21. Re2 Ba6
22. a4 Qd7 23. b3 Rfe8 24. Rbe1 Nf6 25. Rxe8 Rxe8 26. Rxe8 Nxe8 27. Qe3 Bf8 28.
g4 Nc7 29. Kg2 Qc8 30. Be4 Qd7 31. Nd2 Ne8 32. Bd3 Nf6 33. Qg3 Qe7 34. f3 Nxd5
35. Bxg6+ fxg6 36. Ne4 Nxf4+ 37. Qxf4 0-1

[Event "7th LCT 2013"]
[Site "Leiden NED"]
[Date "2013.07.19"]
[Round "6.33"]
[White "Braggaar, Leonore"]
[Black "Van der Togt, Twan"]
[Result "0-1"]
[WhiteElo "2080"]
[BlackElo "1880"]
[WhiteFideId "1017284"]
[BlackFideId "1043471"]
[EventDate "2013.07.12"]

1. e4 c5 2. Nf3 d6 3. d4 cxd4 4. Nxd4 Nf6 5. Nc3 g6 6. Be3 Bg7 7. f3 O-O 8. Bc4
Nc6 9. Qd2 Bd7 10. O-O-O Rb8 11. Bb3 Na5 12. g4 b5 13. Kb1 Nc4 14. Bxc4 bxc4 15.
Ka1 a5 16. Nde2 a4 17. a3 Re8 18. h4 Bc6 19. h5 Qa5 20. hxg6 fxg6 21. Nd4 Bd7
22. g5 Nh5 23. f4 e5 24. Nf3 Nxf4 25. Nd5 Qxd2 26. Nxd2 Nxd5 27. exd5 c3 28.
bxc3 e4 29. Bd4 Rbc8 30. Nb1 Bg4 31. Rdg1 Bf3 32. Bxg7 Bxh1 33. Bd4 Bf3 34. Nd2
Bh5 35. Nf1 Bf3 36. Nd2 Rf8 37. Re1 Rf5 38. Nxe4 Bxe4 39. Rxe4 Rxg5 40. Re7 Rxd5
41. Rg7+ Kf8 42. Rxh7 Rh5 43. Rd7 d5 44. Kb2 Rb8+ 45. Kc1 Rb5 46. Rg7 g5 47. Kd2
Rb8 48. Kd3 Re8 49. c4 Rh3+ 50. Kd2 dxc4 51. Rxg5 c3+ 52. Kd1 Rh1+ 53. Rg1 Rxg1+
54. Bxg1 Re4 55. Bc5+ Kf7 56. Bb6 Ke6 57. Ba5 Re3 58. Bb6 Rh3 59. Ke2 Kd5 60.
Be3 Kc4 61. Bf2 Rh1 62. Be1 Rh7 63. Bf2 Rb7 0-1

[Event "7th LCT 2013"]
[Site "Leiden NED"]
[Date "2013.07.19"]
[Round "7.2"]
[White "Prohaszka, Peter2"]
[Black "Howell, David W L"]
[Result "1/2-1/2"]
[WhiteTitle "GM"]
[BlackTitle "GM"]
[WhiteElo "2554"]
[BlackElo "2639"]
[WhiteFideId "726265"]
[BlackFideId "410608"]
[EventDate "2013.07.12"]

1. d4 Nf6 2. c4 g6 3. Nc3 Bg7 4. Nf3 O-O 5. e3 c5 6. d5 d6 7. Be2 Na6 8. O-O Rb8
9. h3 Bf5 10. Nd2 Nc7 11. e4 Bd7 12. a4 b6 13. Nf3 Nfe8 14. Bf4 e5 15. dxe6 Nxe6
16. Bxd6 Bxa4 17. Rxa4 Nxd6 18. Rxa7 Nd4 19. Nxd4 Bxd4 20. Qd3 Re8 21. Rd1 Qf6
22. Qf3 Qe6 23. Nb5 Nxb5 24. cxb5 Ra8 25. Rxa8 Rxa8 26. b3 Ra2 27. Rf1 Kg7 28.
Bc4 Qf6 29. Qxf6+ Kxf6 30. g3 g5 31. e5+ Bxe5 32. Re1 Bd4 33. Re2 Rxe2 1/2-1/2

[Event "7th LCT 2013"]
[Site "Leiden NED"]
[Date "2013.07.19"]
[Round "7.4"]
[White "Zhou, Yang-Fan"]
[Black "Zaragatski, Ilja"]
[Result "1/2-1/2"]
[WhiteTitle "IM"]
[BlackTitle "IM"]
[WhiteElo "2469"]
[BlackElo "2494"]
[WhiteFideId "468584"]
[BlackFideId "4655192"]
[EventDate "2013.07.12"]

1. e4 c5 2. Nf3 g6 3. d4 Bg7 4. dxc5 Qa5+ 5. c3 Qxc5 6. Na3 Nf6 7. e5 Ng4 8. Qd4
Qxd4 9. cxd4 Nc6 10. Bc4 O-O 11. O-O b6 12. Bg5 Bb7 13. Rad1 e6 14. h3 f6 15.
Bd2 Nh6 16. d5 Nxe5 17. Nxe5 fxe5 18. dxe6 dxe6 19. Bxe6+ Kh8 20. Bc3 Nf5 21.
Rd7 Ba6 22. Re1 Nd4 23. Bc4 Bxc4 24. Nxc4 Rfd8 25. Rxd8+ Rxd8 26. Nxe5 Kg8 27.
f4 Nb5 28. Re3 Nxc3 29. Rxc3 g5 30. g3 gxf4 31. gxf4 Rd1+ 32. Kf2 Bxe5 33. fxe5
Rd2+ 34. Kf3 Rxb2 35. a3 Kf7 36. Rc7+ Ke6 37. Rxa7 Kxe5 38. Kg4 Rb3 39. h4 Kf6
40. Kh5 b5 41. Kh6 b4 42. a4 Ra3 43. h5 b3 44. Ra6+ Kf7 45. Kxh7 b2 46. Rb6 Rxa4
47. Rxb2 Ra6 48. h6 Rf6 49. Rg2 Kf8 50. Rg7 Ra6 51. Rg5 Rf6 52. Ra5 Kf7 53. Ra8
Rb6 54. Ra1 Rf6 55. Rh1 Rf5 56. Rg1 Rf6 57. Rg2 Kf8 58. Rh2 Kf7 59. Kh8 Kg6 60.
Kg8 Ra6 61. Kf8 Kh7 62. Kf7 Rxh6 63. Rxh6+ Kxh6 1/2-1/2

[Event "7th LCT 2013"]
[Site "Leiden NED"]
[Date "2013.07.19"]
[Round "7.7"]
[White "Van Der Raaf, Erik"]
[Black "Slingerland, Fred"]
[Result "1/2-1/2"]
[BlackTitle "IM"]
[WhiteElo "2140"]
[BlackElo "2350"]
[WhiteFideId "1004115"]
[BlackFideId "1002473"]
[EventDate "2013.07.12"]

1. e4 c5 2. Nf3 d6 3. d4 Nf6 4. dxc5 Qa5+ 5. Bd2 Qxc5 6. Nc3 e6 7. Be3 Qa5 8.
Qd2 a6 9. Bf4 b5 10. Bd3 Bb7 11. Qe2 Nbd7 12. O-O Be7 13. e5 dxe5 14. Nxe5 Nc5
15. Rad1 O-O 16. a3 Rad8 17. b4 Qxa3 18. Bd2 Nxd3 19. Nxd3 Rxd3 20. Qxd3 Rd8 21.
Nd5 Qxd3 22. Nxe7+ Kf8 23. cxd3 Kxe7 24. Be3 Nd5 25. Rc1 Ke8 26. Bd2 Rd7 27.
Rfd1 Kd8 28. Kf1 h6 29. Ke2 f5 30. f3 Ke7 31. g4 Kd6 32. Rg1 g5 33. gxf5 exf5
34. h4 Ke5 35. hxg5 hxg5 36. Rxg5 Nf4+ 37. Bxf4+ Kxf4 38. Rg6 Bxf3+ 39. Kd2 Be4
40. Rc3 Bb7 41. Rc5 Be4 42. Rc3 Bb7 43. Rc5 Be4 1/2-1/2

[Event "7th LCT 2013"]
[Site "Leiden NED"]
[Date "2013.07.19"]
[Round "7.8"]
[White "Wantola, Ivo"]
[Black "Bernal Moro, Luis Javier"]
[Result "0-1"]
[WhiteTitle "FM"]
[BlackTitle "IM"]
[WhiteElo "2374"]
[BlackElo "2423"]
[WhiteFideId "1016067"]
[BlackFideId "2200236"]
[EventDate "2013.07.12"]

1. Nf3 Nf6 2. d4 g6 3. e3 Bg7 4. Bd3 d6 5. O-O Nbd7 6. b3 O-O 7. Bb2 b6 8. Nbd2
c5 9. a4 a6 10. Re1 Bb7 11. c4 e6 12. Qc2 Rc8 13. Rad1 Re8 14. Qb1 cxd4 15. exd4
d5 16. Ne5 dxc4 17. Ndxc4 Bf8 18. Re3 Nd5 19. Rg3 f5 20. h4 N7f6 21. Nxg6 hxg6
22. Rxg6+ Kh8 23. Ne5 Rc7 24. Bxf5 exf5 25. Qxf5 Ree7 26. Rd3 Rh7 27. Rdg3 Bg7
28. Qe6 Nf4 29. Qf5 Ne2+ 30. Kh2 Nxg3 31. fxg3 Qd5 32. Qf2 Qxg2+ 0-1